The Great Physicists : from Galileo to Einstein
Saved in:
| Main Author: | |
|---|---|
| Format: | Book |
| Language: | Greek |
| Published: |
New York :
Dover Publications,
1988
|
| Subjects: | |
| Tags: |
Add Tag
No Tags, Be the first to tag this record!
|
MARC
| LEADER | 00000nam a2200000 i 4500 | ||
|---|---|---|---|
| 001 | 1/40483 | ||
| 008 | 950214s1988 gre d | ||
| 020 | |a 0-486-25767-3 | ||
| 035 | |a 1994 |c ΒΙΒΛΙΟΘΗΚΗ |l 10041267 | ||
| 040 | |a GR-MY-UA |b gre |e aacr | ||
| 041 | 0 | |a gre | |
| 082 | 0 | |a 530.0922 | |
| 100 | 1 | |a Gamow, George |d 1904-1968. | |
| 245 | 1 | 4 | |a The Great Physicists : |b from Galileo to Einstein / |c George Gamow |
| 260 | |a New York : |b Dover Publications, |c 1988 | ||
| 300 | |a 338 p.; |c 22 cm. | ||
| 500 | |a Includes index | ||
| 650 | 0 | 0 | |a Physics |x History. |
| 852 | |a INST |b SAMOS |e 19950214 |h 530.0922 GAM |p 005300006435 |q 005300006435 |t BK |y 0 | ||
| 909 | |a Σ |b 035502 | ||